| 000 | 00398cam a22001217a 4500 | ||
|---|---|---|---|
| 008 | 180718b2001 xxu||||| |||| 00| 0 eng d | ||
| 082 | _aX2053 Si64 (R) | ||
| 245 |
_aCJI directory of construction industry in India 2001-02 _cedited by P.K. Singh |
||
| 260 |
_aNew Delhi _bConstruction Journal of India _c2001 |
||
| 300 | _av.p. | ||
| 650 | _aConstruction industry - Directories | ||
| 700 | _aSingh, P.K. | ||
| 999 |
_c492798 _d492798 |
||